Open Data Biblioteca Nacional de Portugal


República Portuguesa: Ministério da Cultura
Biblioteca Nacional de Portugal

Catálogo da BNP: acesso por Identificadores Unívocos
Registos Bibliográficos associados ao registo de autoridade

Etiqueta de registo: 00000nkm 2200025 450
001 2271319
003 http://id.bnportugal.gov.pt/bib/catbnp/2271319
100 ## $a20260224d1985 m y0pory01030103ba
101 0# $apor
102 ## $aPT
200 1# $a1.as Jornadas de Higiene e Segurança, Instituto Superior de Engenharia de Lisboa, de 18 a 22 de novembro de 1985$bVisual gráfico]$fSindicato dos Engenheiros Técnicos do Sul
210 #9 $a[Lisboa]$cSindicato dos Engenheiros Técnicos do Sul,$d1985
215 ## $a1 cartaz$ccolor.$d51,5x36 cm
317 ## $aColeção Madeira Luís
710 01 $aJornadas de Higiene e Segurança,$d1,$eInstituto Superior de Engenharia de Lisboa,$f1985$31993690
712 02 $aSindicato dos Engenheiros Técnicos do Sul$316204
712 02 $aInstituto Superior de Engenharia de Lisboa.$bCentro de Estudos de Engenharia Civil$3342245
801 #0 $aPT$bBN$gRPC
966 ## $lBN$mICONOG$sCT. 22036 A.$x3
971 ## $cCaticonografia2$d20260224
995 ## $aPRR2026 $d20260224$iCaticonografia2

OpendataBNP@bnportugal.pt | Mais informação sobre acesso aos dados BNP